| 000 | 00377nam a2200133Ia 4500 | ||
|---|---|---|---|
| 005 | 20260326235453.0 | ||
| 008 | 260326s9999||||xx |||||||||||||| ||und|| | ||
| 100 | _aHitchcock, Henry-Russell | ||
| 245 | 0 |
_aWorld Architecture : _b An illustrated History from earliest times / _cHenry-Russell Hitchcock |
|
| 260 | _bHamlyn | ||
| 300 | _a348 p. | ||
| 650 | _aANTIGUEDAD | ||
| 942 | _cBK | ||
| 999 |
_c7852 _d7852 |
||